[Event "2025 Welsh Closed Chess Championship"]
[Site "Mercure Cardiff North Hotel, Circle Way East, Llanedeyrn, Cardiff CF23 9XF"]
[Date "2025.04.21"]
[Round "6"]
[Board "8"]
[White "Pleasants, Allan J"]
[Black "Binks, Michael"]
[Result "1/2-1/2"]
[WhiteElo "1985"]
[BlackElo "1937"]
[PlyCount "47"]
[GameId "2191926169543916"]
[EventDate "2025.04.18"]
[EventRounds "7"]
[EventCountry "WLS"]

1. Nf3 d5 2. d4 Nf6 3. c3 c6 4. Bg5 Qc7 5. Nbd2 Bf5 6. e3 Nbd7 7. Qb3 e6 8. Be2 Bd6 9. c4 Qb6 10. c5 Qxb3 11. axb3 Bc7 12. Bf4 Bxf4 13. exf4 O-O 14. Ne5 Rfd8 15. f3 Bg6 16. Kf2 Nf8 17. b4 a6 18. h4 h5 19. Nb3 N6d7 20. Rhe1 Rab8 21. Na5 Nxe5 22. fxe5 f6 23. f4 Be8 24. Nb3 1/2-1/2

[Event "2025 Welsh Closed Chess Championship"]
[Site "Mercure Cardiff North Hotel, Circle Way East, Llanedeyrn, Cardiff CF23 9XF"]
[Date "2025.04.21"]
[Round "6"]
[Board "9"]
[White "Van Kemenade, Rudy"]
[Black "Korovski, Georgi"]
[Result "1-0"]
[WhiteElo "1945"]
[BlackElo "1697"]
[PlyCount "177"]
[GameId "2191926169548013"]
[EventDate "2025.04.18"]
[EventRounds "7"]
[EventCountry "WLS"]

1. e4 d6 2. d4 Nf6 3. Nc3 g6 4. g3 Bg7 5. Bg2 Nbd7 6. h3 c5 7. d5 Rb8 8. a4 b6 9. Nge2 a6 10. O-O b5 11. axb5 axb5 12. Be3 Ne5 13. b3 Qb6 14. f4 Ned7 15. Qd2 O-O 16. Rad1 Ne8 17. g4 Nc7 18. e5 dxe5 19. f5 Bb7 20. Ng3 b4 21. Na4 Qb5 22. d6 Bxg2 23. dxc7 Bxf1 24. cxb8=Q Nxb8 25. Nxf1 Nc6 26. Qd3 Qxd3 27. Rxd3 gxf5 28. gxf5 Nd4 29. Bxd4 cxd4 30. Ng3 Rc8 31. Rd2 Bh6 32. Rg2 Be3+ 33. Kf1 Kf8 34. Nb6 Rc6 35. Nd7+ Ke8 36. Nxe5 Ra6 37. Ne4 Kf8 38. Nd7+ Ke8 39. Ndc5 Ra1+ 40. Ke2 Kf8 41. Ng5 Kg7 42. Nce4 Rh1 43. h4 h6 44. Nf3+ Kf8 45. Kd3 Rh3 46. Rg3 Rh1 47. Kc4 Rc1 48. Rg2 Rf1 49. Nxd4 Bxd4 50. Kxd4 Rxf5 51. Rf2 Rh5 52. Rh2 Rf5 53. Nc5 Rf4+ 54. Ke5 Rf1 55. Nd3 f6+ 56. Kd4 e5+ 57. Kc4 Ke7 58. Kxb4 e4 59. Nc5 f5 60. Kc4 Kd6 61. b4 e3 62. Kd3 f4 63. Ne4+ Ke5 64. Nc3 Rf3 65. Nd1 Rf1 66. Nxe3 fxe3 67. Kxe3 Rb1 68. c3 Kd5 69. Kd3 Rd1+ 70. Kc2 Rg1 71. Rd2+ Kc4 72. Rd4+ Kb5 73. Rd5+ Kc6 74. Rf5 Rg6 75. Kb3 Kb6 76. Rh5 Ka6 77. c4 Kb6 78. Ka4 Ka7 79. b5 Kb7 80. Ka5 Ka7 81. c5 Kb7 82. Rf5 Rg7 83. Rf6 Rh7 84. h5 Kb8 85. b6 Rh8 86. c6 Ka8 87. Ka6 Kb8 88. Rf7 Ka8 89. b7+ 1-0

[Event "2025 Welsh Closed Chess Championship"]
[Site "Mercure Cardiff North Hotel, Circle Way East, Llanedeyrn, Cardiff CF23 9XF"]
[Date "2025.04.21"]
[Round "6"]
[Board "10"]
[White "Davis, Lee"]
[Black "Tuson, Jon"]
[Result "1-0"]
[WhiteElo "1905"]
[BlackElo "1806"]
[PlyCount "69"]
[GameId "2191926169556206"]
[EventDate "2025.04.18"]
[EventRounds "7"]
[EventCountry "WLS"]

1. d4 Nf6 2. c4 c5 3. Nf3 cxd4 4. Nxd4 g6 5. g3 Bg7 6. Bg2 O-O 7. Nc3 Nc6 8. O-O Re8 9. Rb1 a6 10. h3 e5 11. Nc2 d6 12. Ne3 Be6 13. Ned5 Bf5 14. e4 Be6 15. Be3 Bxd5 16. cxd5 Nd4 17. Ne2 Qa5 18. Nxd4 exd4 19. Bxd4 Nxe4 20. Bxg7 Kxg7 21. Qd4+ Nf6 22. g4 g5 23. Rfc1 Re5 24. b4 Qxa2 25. Rb2 Qa3 26. h4 Rae8 27. Rbc2 Qb3 28. Rc3 Qb2 29. R1c2 Qb1+ 30. Rc1 Qb2 31. R1c2 Re1+ 32. Kh2 Qb1 33. hxg5 R8e5 34. gxf6+ Kxf6 35. f4 1-0

[Event "2025 Welsh Closed Chess Championship"]
[Site "Mercure Cardiff North Hotel, Circle Way East, Llanedeyrn, Cardiff CF23 9XF"]
[Date "2025.04.21"]
[Round "6"]
[Board "11"]
[White "Turner, Joseph David"]
[Black "Mcgregor, John"]
[Result "1/2-1/2"]
[WhiteElo "1819"]
[BlackElo "1868"]
[PlyCount "36"]
[GameId "2191926169560303"]
[EventDate "2025.04.18"]
[EventRounds "7"]
[EventCountry "WLS"]

1. e4 c5 2. c3 d5 3. Na3 dxe4 4. d3 exd3 5. Bxd3 Nc6 6. Bf4 e5 7. Qe2 Bd6 8. O-O-O Qe7 9. Be4 Nf6 10. Bxc6+ bxc6 11. Nc4 Bc7 12. Bxe5 O-O 13. Bd6 Bxd6 14. Nxd6 Qc7 15. Nxc8 Raxc8 16. Nh3 Qa5 17. Qc4 Qb5 18. Qxb5 cxb5 1/2-1/2

[Event "2025 Welsh Closed Chess Championship"]
[Site "Mercure Cardiff North Hotel, Circle Way East, Llanedeyrn, Cardiff CF23 9XF"]
[Date "2025.04.21"]
[Round "6"]
[Board "12"]
[White "Beeston, Darson"]
[Black "Musson, Adam J"]
[Result "1-0"]
[WhiteElo "1692"]
[BlackElo "2012"]
[PlyCount "89"]
[GameId "2191926169564400"]
[EventDate "2025.04.18"]
[EventRounds "7"]
[EventCountry "WLS"]

1. e4 e5 2. Nf3 Nc6 3. Bc4 Nf6 4. Ng5 d5 5. exd5 Na5 6. Bb5+ c6 7. dxc6 bxc6 8. Qf3 Be7 9. Nc3 Bd7 10. Bd3 h6 11. Nge4 O-O 12. O-O Nd5 13. Ng3 Nf4 14. Re1 Bd6 15. Bf5 Be6 16. d3 Qd7 17. Qg4 g6 18. Bxf4 Bxf5 19. Nxf5 Qxf5 20. Qxf5 gxf5 21. Bxe5 Bc5 22. Na4 Bb6 23. Nxb6 axb6 24. Bf4 Kg7 25. Re5 Kf6 26. Rae1 h5 27. Re7 c5 28. Rc7 Rfe8 29. Kf1 Rxe1+ 30. Kxe1 Re8+ 31. Kf1 Re6 32. h4 Nc6 33. c3 Kg6 34. Rb7 Ne7 35. c4 Nc6 36. Rxb6 Nb4 37. Rxe6+ fxe6 38. Ke2 Nxa2 39. Bd2 Kf6 40. f4 Ke7 41. Kd1 e5 42. g3 Ke6 43. Ke2 exf4 44. gxf4 Kd6 45. Kd1 1-0

[Event "2025 Welsh Closed Chess Championship"]
[Site "Mercure Cardiff North Hotel, Circle Way East, Llanedeyrn, Cardiff CF23 9XF"]
[Date "2025.04.21"]
[Round "6"]
[Board "13"]
[White "Shevchenko, Danylo"]
[Black "Mckenna, Joshua"]
[Result "0-1"]
[WhiteElo "1757"]
[BlackElo "1705"]
[PlyCount "100"]
[GameId "2191926169572593"]
[EventDate "2025.04.18"]
[EventRounds "7"]
[EventCountry "WLS"]

1. e4 c6 2. d4 d5 3. exd5 cxd5 4. Bd3 Nc6 5. c3 Nf6 6. h3 e5 7. dxe5 Nxe5 8. Bb5+ Bd7 9. Bxd7+ Qxd7 10. Nf3 Bd6 11. O-O O-O 12. Bg5 Ne4 13. Be3 Rfe8 14. Nbd2 b6 15. Nxe5 Rxe5 16. Bf4 Re6 17. Bxd6 Rxd6 18. Nxe4 dxe4 19. Qb3 Rd8 20. Rfe1 Qf5 21. Rad1 Rd2 22. Rf1 h6 23. Rde1 Qd5 24. Qxd5 R8xd5 25. Rxe4 Rxb2 26. a4 a5 27. Ra1 Rc5 28. Ra3 Rd5 29. Rd4 Rxd4 30. cxd4 Rb4 31. d5 Kf8 32. Rc3 Rxa4 33. d6 Ke8 34. Rc7 Rd4 35. Rc6 b5 36. Rc5 Rxd6 37. Rxb5 Ra6 38. Kf1 a4 39. Ke2 a3 40. Rb1 Kd7 41. Kd3 a2 42. Ra1 Kc6 43. Kc2 Kd5 44. Kd2 Kc4 45. Kc2 Rf6 46. f3 Re6 47. Rc1 Kb4 48. Kd2 Rd6+ 49. Ke2 Kb3 50. Rc7 a1=Q 0-1

[Event "2025 Welsh Closed Chess Championship"]
[Site "Mercure Cardiff North Hotel, Circle Way East, Llanedeyrn, Cardiff CF23 9XF"]
[Date "2025.04.21"]
[Round "7"]
[Board "1"]
[White "Freeland, Alex"]
[Black "Camacho Collados, Jose"]
[Result "0-1"]
[WhiteElo "2018"]
[BlackElo "2316"]
[PlyCount "42"]
[GameId "2191926405357238"]
[EventDate "2025.04.18"]
[EventRounds "7"]
[EventCountry "WLS"]

1. d4 Nf6 2. c4 e6 3. Nc3 Bb4 4. e3 O-O 5. Bd3 Re8 6. Nf3 d6 7. e4 e5 8. d5 Bxc3+ 9. bxc3 Nbd7 10. h3 Nc5 11. Qc2 b6 12. Be3 a5 13. O-O Nh5 14. Rae1 Qf6 15. Bg5 Qg6 16. g4 h6 17. Be3 Nxd3 18. Qxd3 Bxg4 19. Nh4 Be2+ 20. Nxg6 Bxd3 21. Nh4 Bxc4 0-1

[Event "2025 Welsh Closed Chess Championship"]
[Site "Mercure Cardiff North Hotel, Circle Way East, Llanedeyrn, Cardiff CF23 9XF"]
[Date "2025.04.21"]
[Round "7"]
[Board "2"]
[White "Cave, Iwan"]
[Black "Blackburn, Jonathan L B"]
[Result "1/2-1/2"]
[WhiteElo "2056"]
[BlackElo "2205"]
[PlyCount "73"]
[GameId "2191926405365431"]
[EventDate "2025.04.18"]
[EventRounds "7"]
[EventCountry "WLS"]

1. e4 e6 2. d4 d5 3. Nd2 c5 4. Ngf3 Nc6 5. exd5 exd5 6. Bb5 Qe7+ 7. Be2 Qc7 8. O-O Nf6 9. Re1 cxd4 10. Nb3 Bb4 11. Bd2 Bxd2 12. Qxd2 O-O 13. Bd3 Bd7 14. Nbxd4 Rae8 15. Qc3 Ne4 16. Qb3 Qd6 17. c3 g6 18. Rad1 Nf6 19. h3 Rxe1+ 20. Rxe1 Nh5 21. Bf1 Nf4 22. Rd1 Na5 23. Qc2 Qc7 24. Ne2 Bf5 25. Qd2 Nxe2+ 26. Bxe2 Nc4 27. Bxc4 dxc4 28. Qe3 a6 29. Re1 Bd7 30. Qg5 Qd6 31. Qh4 Qd5 32. Ng5 h5 33. Ne4 Kg7 34. Qf6+ Kh6 35. Ng3 Bc6 36. f3 Qg5 37. Qxg5+ 1/2-1/2

[Event "2025 Welsh Closed Chess Championship"]
[Site "Mercure Cardiff North Hotel, Circle Way East, Llanedeyrn, Cardiff CF23 9XF"]
[Date "2025.04.21"]
[Round "7"]
[Board "3"]
[White "Kett, Tim"]
[Black "Toczek, Grzegorz"]
[Result "0-1"]
[WhiteElo "2089"]
[BlackElo "2233"]
[PlyCount "100"]
[GameId "2191926405373624"]
[EventDate "2025.04.18"]
[EventRounds "7"]
[EventCountry "WLS"]

1. e4 c5 2. Nf3 a6 3. c3 d5 4. exd5 Qxd5 5. d4 e6 6. Bd3 cxd4 7. cxd4 Nf6 8. O-O Be7 9. Nc3 Qh5 10. Ne2 O-O 11. Nf4 Qa5 12. Bd2 Qd8 13. Qe2 Nc6 14. Rad1 Nxd4 15. Nxd4 Qxd4 16. Bc1 Qc5 17. Be3 Qa5 18. Rfe1 Bd7 19. Bd4 Rad8 20. Bc3 Qg5 21. g3 Qc5 22. Qf1 Bb5 23. Bxb5 Qxb5 24. Qxb5 axb5 25. Bxf6 Bxf6 26. b3 Bc3 27. Rxd8 Rxd8 28. Re2 e5 29. Rc2 b4 30. Ne2 Rd2 31. Rxd2 Bxd2 32. Kf1 f6 33. Ng1 Kf7 34. Ke2 Bh6 35. Kd3 b5 36. Nf3 Ke6 37. Ne1 g6 38. Nc2 Bf8 39. g4 Bc5 40. f3 f5 41. a3 e4+ 42. fxe4 fxg4 43. axb4 Bg1 44. Na3 h5 45. Nxb5 h4 46. Ke2 Ke5 47. h3 gxh3 48. Kf1 Bb6 49. Nc3 g5 50. Nd5 Bd4 0-1

[Event "2025 Welsh Closed Chess Championship"]
[Site "Mercure Cardiff North Hotel, Circle Way East, Llanedeyrn, Cardiff CF23 9XF"]
[Date "2025.04.21"]
[Round "7"]
[Board "4"]
[White "Bullen, Alex"]
[Black "Harakis, Alexis M"]
[Result "1-0"]
[WhiteElo "2160"]
[BlackElo "2224"]
[PlyCount "79"]
[GameId "2191926405377721"]
[EventDate "2025.04.18"]
[EventRounds "7"]
[EventCountry "WLS"]

1. Nf3 d6 2. d4 Nf6 3. Nc3 Nbd7 4. e4 e5 5. Bc4 Be7 6. O-O c6 7. a4 h6 8. Re1 Qc7 9. a5 Nf8 10. h3 Ng6 11. Be3 O-O 12. Qe2 Nh5 13. Qf1 Nhf4 14. Ne2 Ne6 15. Ng3 Ng5 16. Nxg5 Bxg5 17. dxe5 dxe5 18. Bc5 Be7 19. Bxe7 Qxe7 20. Ra3 Qg5 21. Rd1 Nf4 22. Kh2 h5 23. Ne2 h4 24. Rf3 Re8 25. Nxf4 exf4 26. Qd3 Be6 27. Bxe6 Rxe6 28. Qd7 Rg6 29. Rg1 Rd8 30. Qc7 Rdd6 31. Qxb7 Kh7 32. Qxf7 Rdf6 33. Qxa7 Qe5 34. Qa6 Rg5 35. Qd3 Rd6 36. Qa3 c5 37. a6 Qxe4 38. a7 Qa8 39. Rxf4 Rd1 40. Qf3 1-0

[Event "2025 Welsh Closed Chess Championship"]
[Site "Mercure Cardiff North Hotel, Circle Way East, Llanedeyrn, Cardiff CF23 9XF"]
[Date "2025.04.21"]
[Round "7"]
[Board "5"]
[White "Fathallah, Joe"]
[Black "Szakmany, Bence"]
[Result "1/2-1/2"]
[WhiteElo "1979"]
[BlackElo "2017"]
[PlyCount "109"]
[GameId "2191926405381818"]
[EventDate "2025.04.18"]
[EventRounds "7"]
[EventCountry "WLS"]

1. d4 Nf6 2. c4 e6 3. Nf3 d5 4. Nc3 Be7 5. Bg5 O-O 6. e3 Nbd7 7. Bd3 dxc4 8. Bxc4 a6 9. O-O b5 10. Bd3 c5 11. Rc1 cxd4 12. exd4 Bb7 13. Bb1 Rc8 14. a3 Nd5 15. Qd3 g6 16. Bh6 Re8 17. Ne5 Nxe5 18. dxe5 Bg5 19. Nxd5 Rxc1 20. Nf6+ Bxf6 21. Rxc1 Qxd3 22. Bxd3 Bxe5 23. b4 Rc8 24. Rxc8+ Bxc8 25. Bc1 Bb7 26. f4 Bd4+ 27. Kf1 f5 28. Bc2 Bd5 29. Bd2 Bc4+ 30. Ke1 e5 31. fxe5 Bxe5 32. g3 Bd4 33. a4 Kf7 34. axb5 axb5 35. h4 Ke6 36. Bd1 Kf7 37. h5 Kf6 38. hxg6 hxg6 39. Bc2 g5 40. Bb1 Be5 41. Kf2 f4 42. gxf4 gxf4 43. Be4 Ke6 44. Kf3 Bd5 45. Bc1 Bd6 46. Bb2 Bxe4+ 47. Kxe4 f3 48. Kxf3 Kd5 49. Ke3 Kc4 50. Kd2 Kb3 51. Kc1 Bxb4 52. Kb1 Bc3 53. Bc1 Bd2 54. Bxd2 b4 55. Bxb4 1/2-1/2

[Event "2025 Welsh Closed Chess Championship"]
[Site "Mercure Cardiff North Hotel, Circle Way East, Llanedeyrn, Cardiff CF23 9XF"]
[Date "2025.04.21"]
[Round "7"]
[Board "6"]
[White "Young, Alan"]
[Black "Pleasants, Allan J"]
[Result "1/2-1/2"]
[WhiteElo "1991"]
[BlackElo "1985"]
[PlyCount "20"]
[GameId "2191926405385915"]
[EventDate "2025.04.18"]
[EventRounds "7"]
[EventCountry "WLS"]

1. e4 d6 2. d4 g6 3. Nc3 Bg7 4. g3 Nf6 5. Bg2 O-O 6. Nge2 c6 7. O-O Qc7 8. h3 Nbd7 9. Be3 e5 10. Qd2 Re8 1/2-1/2

[Event "2025 Welsh Closed Chess Championship"]
[Site "Mercure Cardiff North Hotel, Circle Way East, Llanedeyrn, Cardiff CF23 9XF"]
[Date "2025.04.21"]
[Round "7"]
[Board "7"]
[White "Jukes, Sam"]
[Black "Van Kemenade, Rudy"]
[Result "1-0"]
[WhiteElo "1951"]
[BlackElo "1945"]
[PlyCount "75"]
[GameId "2191926405394108"]
[EventDate "2025.04.18"]
[EventRounds "7"]
[EventCountry "WLS"]

1. e4 e5 2. Nf3 Nf6 3. Nxe5 d6 4. Nf3 Nxe4 5. Nc3 Nxc3 6. dxc3 Be7 7. Be3 O-O 8. Qd2 Nd7 9. O-O-O Nf6 10. h3 c5 11. Bd3 Be6 12. c4 b5 13. cxb5 a6 14. b6 Qxb6 15. c4 d5 16. Qc2 Rab8 17. Ng5 dxc4 18. Bxh7+ Kh8 19. Nxe6 fxe6 20. Bg6 Nd5 21. Qe2 Kg8 22. Rd2 c3 23. bxc3 Nf6 24. Bf4 Rbd8 25. Re1 Rxd2 26. Bxd2 c4 27. Qxe6+ Qxe6 28. Rxe6 Ba3+ 29. Kc2 Rb8 30. Rxa6 Rb2+ 31. Kd1 Bf8 32. a4 Ra2 33. Ra8 Nd5 34. Be4 Nb6 35. Ra6 Nxa4 36. Bd5+ Kh7 37. Bxc4 Ra3 38. Kc2 1-0

[Event "2025 Welsh Closed Chess Championship"]
[Site "Mercure Cardiff North Hotel, Circle Way East, Llanedeyrn, Cardiff CF23 9XF"]
[Date "2025.04.21"]
[Round "7"]
[Board "8"]
[White "Binks, Michael"]
[Black "Davis, Lee"]
[Result "1/2-1/2"]
[WhiteElo "1937"]
[BlackElo "1905"]
[PlyCount "149"]
[GameId "2191926405398205"]
[EventDate "2025.04.18"]
[EventRounds "7"]
[EventCountry "WLS"]

1. d4 Nf6 2. e3 g6 3. Bd3 Bg7 4. b3 c5 5. Bb2 cxd4 6. exd4 O-O 7. Nf3 d5 8. Nbd2 Nc6 9. O-O Bg4 10. h3 Bxf3 11. Nxf3 Rc8 12. Qd2 Re8 13. Rfe1 Qb6 14. c3 e6 15. Re2 Qc7 16. Bb5 a6 17. Bxc6 bxc6 18. Rae1 c5 19. b4 cxb4 20. cxb4 Ne4 21. Qd3 Qc4 22. Qxc4 Rxc4 23. a3 Rec8 24. Nd2 Nxd2 25. Rxd2 Rc2 26. Ree2 Rxd2 27. Rxd2 Rc4 28. Kf1 Kf8 29. Ke1 Ke8 30. Kd1 Kd7 31. Rd3 Kc6 32. Bc3 Kb5 33. Kc2 Ka4 34. Kb2 Bf8 35. Ka2 Bh6 36. Kb2 Bg5 37. g3 Bd8 38. Rf3 Rc7 39. Rd3 Rb7 40. Bd2 a5 41. Kc2 axb4 42. axb4 Be7 43. Rf3 Rc7+ 44. Kd3 Bxb4 45. Bf4 Rc3+ 46. Ke2 Rxf3 47. Kxf3 Kb3 48. Be5 Kc4 49. Ke3 Be7 50. Bg7 Ba3 51. Bf6 Bc1+ 52. Ke2 Kb5 53. f4 Kc6 54. h4 h5 55. Be5 Kd7 56. Bf6 Ba3 57. Kf3 Be7 58. Be5 f6 59. Bb8 g5 60. fxg5 fxg5 61. hxg5 Bxg5 62. Be5 Ke8 63. Bd6 Kf7 64. Bc7 Kg6 65. Bd6 Kf5 66. Bc5 e5 67. dxe5 Kxe5 68. Bb6 Kf5 69. Bc5 Bf6 70. Be3 Ke6 71. g4 hxg4+ 72. Kxg4 Kd6 73. Kf3 Kc6 74. Ke2 Kb5 75. Kd3 1/2-1/2

[Event "2025 Welsh Closed Chess Championship"]
[Site "Mercure Cardiff North Hotel, Circle Way East, Llanedeyrn, Cardiff CF23 9XF"]
[Date "2025.04.21"]
[Round "7"]
[Board "9"]
[White "Mcgregor, John"]
[Black "Kong, Emma Zihan"]
[Result "1/2-1/2"]
[WhiteElo "1868"]
[BlackElo "1818"]
[PlyCount "52"]
[GameId "2191926405402302"]
[EventDate "2025.04.18"]
[EventRounds "7"]
[EventCountry "WLS"]

1. e4 c5 2. Nf3 a6 3. c4 e6 4. Nc3 d5 5. exd5 exd5 6. Nxd5 Nf6 7. Qe2+ Be6 8. Nf4 Qd6 9. Nxe6 fxe6 10. g3 Nc6 11. a3 O-O-O 12. Bg2 h6 13. O-O g5 14. d4 cxd4 15. Re1 Re8 16. Ne5 Qxe5 17. Qxe5 Nxe5 18. Rxe5 Bd6 19. Re1 e5 20. b4 Rh7 21. Bb2 g4 22. Be4 Rhe7 23. Re2 Nxe4 24. Rxe4 h5 25. Rae1 Bc7 26. c5 Kd8 1/2-1/2

[Event "2025 Welsh Closed Chess Championship"]
[Site "Mercure Cardiff North Hotel, Circle Way East, Llanedeyrn, Cardiff CF23 9XF"]
[Date "2025.04.21"]
[Round "7"]
[Board "10"]
[White "Turner, Joseph David"]
[Black "Spice, Alan"]
[Result "0-1"]
[WhiteElo "1819"]
[BlackElo "1999"]
[PlyCount "117"]
[GameId "2191926405406399"]
[EventDate "2025.04.18"]
[EventRounds "7"]
[EventCountry "WLS"]

1. e4 e6 2. d4 d5 3. Bd3 dxe4 4. Bxe4 Nf6 5. Bf3 c5 6. Ne2 Nc6 7. c3 cxd4 8. cxd4 e5 9. Bxc6+ bxc6 10. O-O Bd6 11. dxe5 Bxe5 12. Qxd8+ Kxd8 13. Rd1+ Bd7 14. Nbc3 Rb8 15. Nd4 Kc8 16. f4 Bc7 17. Na4 Rb4 18. b3 Rd8 19. Ba3 Rxa4 20. bxa4 Bg4 21. Nf3 Bb6+ 22. Kh1 Rxd1+ 23. Rxd1 Ne4 24. Ra1 Nf2+ 25. Kg1 Nd3+ 26. Kf1 Nxf4 27. Bd6 Nd5 28. a5 Bxa5 29. Bc5 Bc3 30. Rc1 Bxf3 31. gxf3 a5 32. Bf2 Kd7 33. Be1 Bb4 34. Ke2 Nf4+ 35. Kf1 Nd5 36. Bxb4 axb4 37. Kf2 Kd6 38. Rc2 c5 39. Ke2 f5 40. Kd3 g5 41. Rd2 Kc6 42. Kc4 Ne3+ 43. Kb3 h5 44. Rd8 g4 45. fxg4 hxg4 46. Rc8+ Kd5 47. Rd8+ Ke4 48. Rc8 Kd4 49. Rd8+ Nd5 50. Rh8 c4+ 51. Kb2 f4 52. Rh4 Ne3 53. h3 f3 54. hxg4 f2 55. g5+ Ke5 56. Rh1 Kf5 57. a4 bxa3+ 58. Kxa3 Kxg5 59. Kb2 0-1

[Event "2025 Welsh Closed Chess Championship"]
[Site "Mercure Cardiff North Hotel, Circle Way East, Llanedeyrn, Cardiff CF23 9XF"]
[Date "2025.04.21"]
[Round "7"]
[Board "11"]
[White "Korovski, Georgi"]
[Black "Beeston, Darson"]
[Result "1-0"]
[WhiteElo "1697"]
[BlackElo "1692"]
[PlyCount "135"]
[GameId "2191926405410496"]
[EventDate "2025.04.18"]
[EventRounds "7"]
[EventCountry "WLS"]

1. e4 e5 2. Nf3 Nc6 3. Bb5 a6 4. Ba4 Nf6 5. O-O Be7 6. Re1 b5 7. Bb3 O-O 8. h3 d5 9. exd5 Nxd5 10. Nxe5 Nxe5 11. Rxe5 c6 12. d4 Bf6 13. Re1 Re8 14. Rxe8+ Qxe8 15. Nc3 Be6 16. Ne4 Bf5 17. Nxf6+ Nxf6 18. Bf4 Qe4 19. Be5 Nd5 20. Qe1 f6 21. Qxe4 Bxe4 22. Bg3 Kh8 23. c3 Re8 24. f3 Bg6 25. a4 b4 26. c4 Ne3 27. Re1 Nf5 28. Rxe8+ Bxe8 29. Bf2 Bf7 30. d5 cxd5 31. cxd5 Kg8 32. Bc5 h5 33. g4 hxg4 34. hxg4 Nh4 35. Kf2 Ng6 36. Ke3 Ne5 37. Bxb4 Nd7 38. Ke4 a5 39. Bd6 Nb6 40. Kd4 Nd7 41. Bc7 Kf8 42. Bxa5 Ne5 43. Bd1 Ke7 44. b4 Kd6 45. b5 Bxd5 46. Bc7+ Kxc7 47. Kxd5 Kb6 48. Ke6 Nc4 49. Kf7 Nb2 50. Bc2 Nc4 51. Kxg7 Ne3 52. Bb3 f5 53. g5 f4 54. Kf6 Kc5 55. g6 Ng4+ 56. fxg4 f3 57. Bd1 f2 58. Be2 Kd4 59. g7 Ke3 60. Bf1 Kd2 61. g8=Q Ke1 62. Qc4 Kd2 63. Qa2+ Kc1 64. Qxf2 Kb1 65. Bd3+ Ka1 66. Bc4 Kb1 67. Qd2 Ka1 68. Qa2# 1-0

[Event "2025 Welsh Closed Chess Championship"]
[Site "Mercure Cardiff North Hotel, Circle Way East, Llanedeyrn, Cardiff CF23 9XF"]
[Date "2025.04.21"]
[Round "7"]
[Board "12"]
[White "Mckenna, Joshua"]
[Black "Tuson, Jon"]
[Result "1-0"]
[WhiteElo "1705"]
[BlackElo "1806"]
[PlyCount "93"]
[GameId "2191926405410497"]
[EventDate "2025.04.18"]
[EventRounds "7"]
[EventCountry "WLS"]

1. e4 d6 2. d4 Nf6 3. Nc3 g6 4. f3 c6 5. Be3 b5 6. Qd2 Nbd7 7. O-O-O Qa5 8. Kb1 Nb6 9. a3 Rb8 10. Nd5 Qxd2 11. Nxf6+ exf6 12. Bxd2 f5 13. Bf4 h6 14. h4 f6 15. e5 g5 16. hxg5 fxg5 17. Bxg5 dxe5 18. Bf6 Rg8 19. dxe5 Be6 20. Nh3 Nd5 21. Bh4 b4 22. a4 Ne3 23. Rd2 Nd5 24. b3 c5 25. Bb5+ Kf7 26. Bc6 Nc3+ 27. Kb2 c4 28. Nf4 Nxa4+ 29. Kc1 Nb6 30. Bf2 Rc8 31. Bb7 Rc7 32. Nxe6 Kxe6 33. Bxb6 Rxb7 34. Be3 cxb3 35. cxb3 Rc7+ 36. Kb2 Rg6 37. Ra1 Kxe5 38. Ra5+ Ke6 39. Bxa7 Bg7+ 40. Kb1 Rc3 41. Ra6+ Kf7 42. Rd7+ Ke8 43. Rxg6 Rxb3+ 44. Kc2 Rb2+ 45. Kc1 Bc3 46. Rb7 Kf8 47. Bc5+ 1-0

[Event "2025 Welsh Closed Chess Championship"]
[Site "Mercure Cardiff North Hotel, Circle Way East, Llanedeyrn, Cardiff CF23 9XF"]
[Date "2025.04.21"]
[Round "7"]
[Board "13"]
[White "Shevchenko, Danylo"]
[Black "Thomas, Roy"]
[Result "1-0"]
[WhiteElo "1757"]
[BlackElo "1855"]
[PlyCount "89"]
[GameId "2191926405414594"]
[EventDate "2025.04.18"]
[EventRounds "7"]
[EventCountry "WLS"]

1. e4 c5 2. Nf3 Nc6 3. Bb5 g6 4. O-O Bg7 5. c3 Nf6 6. Re1 O-O 7. d4 cxd4 8. cxd4 Qc7 9. Nc3 a6 10. Bf1 d6 11. h3 e5 12. d5 Ne7 13. Be3 Nh5 14. Rc1 f5 15. Nb5 Qd8 16. Nc7 fxe4 17. Ng5 Nf5 18. Nge6 Bxe6 19. Nxe6 Nxe3 20. Rxe3 Qf6 21. Nxf8 Rxf8 22. Rc2 Bh6 23. Rec3 Nf4 24. Rc8 Qg5 25. Rxf8+ Bxf8 26. Qg4 Qe7 27. g3 h5 28. Qc8 Nd3 29. Qe6+ Kg7 30. Qxe7+ Bxe7 31. Rc7 Kf6 32. Rxb7 a5 33. Rb6 Kg5 34. h4+ Kf5 35. Rb7 Kf6 36. a3 Nc5 37. Rb8 Na4 38. b4 axb4 39. axb4 Nc3 40. Bc4 Kf5 41. b5 e3 42. fxe3 Ke4 43. b6 Nxd5 44. Bxd5+ Kxd5 45. Re8 1-0

[Event "2025 Welsh Open"]
[Site "Mercure Cardiff North Hotel, Circle Way East, Llanedeyrn, Cardiff CF23 9XF"]
[Date "2025.04.18"]
[Round "1"]
[Board "1"]
[White "Watkins, Peter"]
[Black "De La Cruz Loredo, Ivan"]
[Result "0-1"]
[WhiteElo "1682"]
[BlackElo "2079"]
[PlyCount "60"]
[GameId "2191926938867834"]
[EventDate "2025.04.18"]
[EventRounds "7"]
[EventCountry "WLS"]

1. d4 d5 2. Nf3 e6 3. e3 Nf6 4. Bd3 c5 5. c3 Bd6 6. Nbd2 Nc6 7. O-O O-O 8. Re1 e5 9. dxe5 Bxe5 10. h3 Qc7 11. Nxe5 Nxe5 12. Nf3 b6 13. Nxe5 Qxe5 14. e4 dxe4 15. Bxe4 Nxe4 16. f3 Nxc3 17. Rxe5 Nxd1 18. Rd5 Nxb2 19. Bxb2 Be6 20. Rd2 Rfd8 21. Rad1 Rxd2 22. Rxd2 f6 23. a3 Kf7 24. Kf2 Ke7 25. Ke3 Rd8 26. Rxd8 Kxd8 27. Bc3 Kd7 28. Ke4 Kc6 29. h4 Kb5 30. g4 Kc4 0-1

[Event "2025 Welsh Open"]
[Site "Mercure Cardiff North Hotel, Circle Way East, Llanedeyrn, Cardiff CF23 9XF"]
[Date "2025.04.18"]
[Round "1"]
[Board "2"]
[White "Van Veelen, Thomas"]
[Black "Hammett, Scott"]
[Result "1-0"]
[WhiteElo "2055"]
[BlackElo "1669"]
[PlyCount "49"]
[GameId "2191926938892411"]
[EventDate "2025.04.18"]
[EventRounds "7"]
[EventCountry "WLS"]

1. d4 d5 2. c4 e6 3. Nc3 f5 4. g3 Nf6 5. Bg2 c6 6. Nf3 Bd6 7. Bf4 O-O 8. Bxd6 Qxd6 9. e3 Bd7 10. O-O Be8 11. Qb3 Qc7 12. Rac1 Bf7 13. Ne5 Rd8 14. Rc2 dxc4 15. Qxc4 Nd5 16. b4 Qe7 17. b5 cxb5 18. Qxb5 Be8 19. Nxd5 exd5 20. Bxd5+ Kh8 21. Qxb7 Qxb7 22. Bxb7 Nd7 23. Nxd7 Bxd7 24. Bxa8 Rxa8 25. d5 1-0

[Event "2025 Welsh Open"]
[Site "Mercure Cardiff North Hotel, Circle Way East, Llanedeyrn, Cardiff CF23 9XF"]
[Date "2025.04.18"]
[Round "1"]
[Board "3"]
[White "Wilkins, Zack"]
[Black "Roberts, David L"]
[Result "0-1"]
[WhiteElo "1663"]
[BlackElo "1979"]
[PlyCount "88"]
[GameId "2191926938900604"]
[EventDate "2025.04.18"]
[EventRounds "7"]
[EventCountry "WLS"]

1. e4 d5 2. exd5 Nf6 3. Nf3 Nxd5 4. d4 g6 5. g3 Bg7 6. Bg2 O-O 7. O-O Nc6 8. c3 Rb8 9. Be3 b5 10. Nbd2 Ba6 11. Rc1 e5 12. Nb3 b4 13. Re1 bxc3 14. bxc3 e4 15. Ne5 Nxe3 16. Rxe3 Nxe5 17. dxe5 Bh6 18. Rxe4 Bxc1 19. Qxc1 Qe7 20. Nd4 Qc5 21. e6 fxe6 22. Rxe6 Bd3 23. Rc6 Qxc6 24. Nxc6 Rb1 25. Qxb1 Bxb1 26. Bd5+ Kg7 27. Nxa7 Rf5 28. Bb3 Bxa2 29. Bxa2 Ra5 30. Bc4 Rxa7 31. Bd5 Kf6 32. Kf1 Ke5 33. c4 Ra2 34. Kg2 Rd2 35. Bg8 h6 36. Kf3 Kd4 37. h4 c5 38. g4 g5 39. hxg5 hxg5 40. Be6 Rc2 41. Bf7 Rc3+ 42. Ke2 Ke4 43. Kd2 Ra3 44. Be6 Kf3 0-1